Most Expensive Club Football(Soccer) Squads - Statistics

General Stats
  • This quiz has been taken 653 times
    168 since last reset
  • The average score is 19 of 25
Answer Stats
Rank Market Value Answer % Correct
1 €1.40bn Real Madrid
100%
3 €1.23bn Manchester City
99%
4 €1.12bn Liverpool
98%
2 €1.33bn Arsenal
96%
5 €1.11bn Barcelona
96%
6 €1.08bn Chelsea
96%
8 €906.65m Bayern Munich
95%
18 €471.80m AC Milan
94%
10 €723.20m Manchester United
94%
11 €707.80m Inter Milan
93%
7 €1.07bn Paris Saint Germain
93%
21 €438.10m Borussia Dortmund
91%
14 €582.70m Juventus
91%
13 €627.80m Atletico Madrid
90%
9 €891.10m Tottenham Hotspur
85%
17 €496.10m Napoli
80%
16 €547.00m Aston Villa
77%
12 €659.05m Newcastle United
77%
24 €394.30m Olympique Marseille
69%
15 €566.00m Nottingham Forest
47%
19 €462.10m Brighton and Hove Albion
43%
23 €426.20m Crystal Palace
38%
25 €392.20m Brentford FC
33%
20 €449.90m Atalanta
31%
22 €434.30m Sporting Lisbon
7%
No matching quizzes found
Score Distribution
Percent of People with Each Score
Percentile by Number Answered
Your Score History
You have not taken this quiz since the last reset